00538 2200181 4500001002100000005001500021008004100036020002200077035001900099041000700118082001000125090001600135100002300151245009700174260004000271300002100311650002400332INLIS00000000001791720241224115414241224||||||||| | ||| |||| || |  a978-602-9018-03.5 0010-1224017917 aid0 a659.2 a659.2 SUS p0 aSusatyo Herlambang00aPUBLIC RELATIONS AND CUSTOMER SERVICE : Pedoman untuk:Sukses Melayani,Memasarkan dan Menjual aYogyakartabGosyen Publishingc2010 a104hlm;14cmx21cm 0aManajemen Pemasaran